000 00892nmm a2200337 a 4500
003 AR-BaBNM
005 20251128203015.0
008 157019s1952 ||||||||||||||000 | spa||
040 _cAR-BaBNM
100 1 _aBauer, Wilhelm
245 1 0 _aIntroducción al estudio de la historia
250 _a2ª ed.
260 _aBarcelona
_bBosch
_c1952
300 0 _a626 p.
_btablas
500 0 _aContiene índice de autores citados p. 591-626
600 0 4 _aVoltaire
600 1 4 _aVico, Giambattista
600 0 4 _aTucidides
600 0 4 _aPolibio
650 4 _aHISTORIOGRAFIA
650 4 _aHISTORIOGRAFIA
650 4 _aMETODO HISTORICO
650 4 _aHISTORIA
650 4 _aHISTORIADORES
650 4 _aINVESTIGACION HISTORICA
650 4 _aANALISIS HISTORICO
650 4 _aESCRITURA HISTORICA
700 1 _aValdeavellano, Luis G. de
_etraductor
942 _cBK
998 _cmariana
999 _c1487
_d1487